000 00222nam a2200097Ia 4500
008 190216s9999||||xx |||||||||||||| ||und||
100 _aNull
245 0 _aHindi-Pura Var
260 _bTata Mcgrawhill Publishers
942 _cBK
999 _c18202
_d18202